000 00895nam a2200229 i 4500
001 bg
100 1 _aBANAŚ, Krzysztof
245 1 0 _aZastosowanie adaptacyjnej metody elementów skończonych do obliczeń wielkiej skali.
260 _aKraków :
_bWydaw. Politechniki Krakowskiej,
_c2004.
300 _a236 s. :
_brys., wykr. ;
_c24 cm.
490 1 _aMonografia / Politechnika Krakowska im. Tadeusza Kościuszki. Podstawowe Nauki Techniczne
500 _aISSN i nr serii gł.: 0860-097X ; 314. - Streszcz. ang., niem.
504 _aBibliogr. s. 211-228. Indeks.
650 9 _aMetoda elementów skończonych
_xstosowanie
830 0 _aMonografia (Politechnika Krakowska im. Tadeusza Kościuszki).
_pPodstawowe Nauki Techniczne
015 _aPB 12736/2005
040 _cBPK
041 0 _apol
_bengger
080 _a519.61/.64
942 _cKS
008 s pl f |000 0 pol
999 _c46343
_d46343
856 _uhttp://koha.tu.koszalin.pl/cgi-bin/koha/opac-detail.pl?biblionumber=46343
_yKatalog online BPK